Chanakya's neeti scripture/ (Record no. 6971)

000 -LEADER
fixed length control field 00392nam a22001571a 4500
082 ## - DEWEY DECIMAL CLASSIFICATION NUMBER
Classification number 294.592 6
Item number RKS/C
100 ## - MAIN ENTRY--AUTHOR NAME
Personal name R K Sharma
245 ## - TITLE STATEMENT
Title Chanakya's neeti scripture/
Statement of responsibility, etc by R K Sharma
260 ## - PUBLICATION, DISTRIBUTION, ETC. (IMPRINT)
Place of publication Bombay:
Name of publisher Bharatiya Vidya Bhavan,
Year of publication 1994.
300 ## - PHYSICAL DESCRIPTION
Number of Pages 206p.
650 ## - SUBJECT ADDED ENTRY--TOPICAL TERM
Topical Term Dharmasastra Chanakya
650 ## - SUBJECT ADDED ENTRY--TOPICAL TERM
Topical Term Spiritual Wisdom
650 ## - SUBJECT ADDED ENTRY--TOPICAL TERM
Topical Term Hinduism
650 ## - SUBJECT ADDED ENTRY--TOPICAL TERM
Topical Term Religion
942 ## - ADDED ENTRY ELEMENTS (KOHA)
Koha item type Book
Holdings
Withdrawn status Lost status Damaged status Not for loan Permanent Location Current Location Date acquired Cost, normal purchase price Full call number Accession Number Cost, replacement price Price effective from Koha item type
        Sree Sankaracharya University of Sanskrit Sree Sankaracharya University of Sanskrit 08.01.2015 160.00 294.5926 RKS/C 026524 0.00 08.01.2015 Book